Análisis formal de la poesía de Espronceda / (Record no. 140918)

MARC details
000 -LEADER
campo de control de longitud fija 00799nam a2200241 i 4500
001 - NÚMERO DE CONTROL
campo de control 140918
003 - IDENTIFICADOR DE NÚMERO DE CONTROL
campo de control ES-MaACL
005 - FECHA Y HORA DE LA ÚLTIMA TRANSACCIÓN
campo de control 20250822060840.0
007 - CAMPO FIJO DE DESCRIPCIÓN FÍSICA--INFORMACIÓN GENERAL
campo de control de longitud fija t|
008 - DATOS DE LONGITUD FIJA--INFORMACIÓN GENERAL
campo de control de longitud fija 070918s1971 sp ||||1| spa d
080 ## - NÚMERO DE LA CLASIFICACIÓN DECIMAL UNIVERSAL
Número de la Clasificación Decimal Universal 860 Espronceda, José 1.06
100 0# - ENTRADA PRINCIPAL--NOMBRE DE PERSONA
Nombre de persona Ynduráin, Domingo,
Fechas asociadas al nombre 1943-2003
9 (RLIN) 117645
245 10 - MENCIÓN DEL TÍTULO
Título Análisis formal de la poesía de Espronceda /
Mención de responsabilidad, etc. Domingo Ynduráin ; prólogo de Rafael Lapesa.
260 ## - PUBLICACIÓN, DISTRIBUCIÓN, ETC.
Lugar de publicación, distribución, etc. [Madrid] :
Nombre del editor, distribuidor, etc. Taurus,
Fecha de publicación, distribución, etc. [1971]
300 ## - DESCRIPCIÓN FÍSICA
Extensión 644 p. ;
Dimensiones 21 cm.
490 1# - MENCIÓN DE SERIE
Mención de serie Persiles ;
Designación de volumen o secuencia 43
600 14 - PUNTO DE ACCESO ADICIONAL DE MATERIA--NOMBRE DE PERSONA
Nombre de persona Espronceda, José de,
Fechas asociadas al nombre 1808-1842-
Subdivisión general Crítica e interpretación
9 (RLIN) 47952
700 0# - ENTRADA AGREGADA--NOMBRE PERSONAL
Nombre de persona Lapesa, Rafael,
Fechas asociadas al nombre 1908-2001
9 (RLIN) 70146
830 00 - PUNTO DE ACCESO ADICIONAL DE SERIE-TÍTULO UNIFORME
Título uniforme Persiles ;
Designación de volumen o secuencia 43
9 (RLIN) 236720
852 ## - LOCALIZACIÓN
Ubicación ES-MaACL
Número de control de estantería C-39128
Sublocalización o colección R.79543
942 ## - ELEMENTOS DE ENTRADA SECUNDARIOS (KOHA)
Fuente del sistema de clasificación o colocación Clasificación decimal universal
Holdings
Estatus retirado Estado de pérdida Estado de daño No para préstamo Biblioteca de origen Biblioteca actual Ubicación en estantería Fecha de adquisición Fuente de adquisición Total de préstamos Signatura topográfica completa Código de barras Visto por última vez Precio de reemplazo Tipo de ítem Koha
        Biblioteca del Ateneo de Madrid Biblioteca del Ateneo de Madrid Depósito 2 17/01/2008     C-39128 1146633 23/02/2023 23/02/2023 Libro impreso